000 00519nam a2200193Ia 4500
005 20250508162147.0
008 008 250505s9999 xx 000 0 eng d
020 _a0-13-688101-7
037 _aTextual
040 _aFEDL
_beng
_cFEDL
041 _aeng
_2eng
084 _a657, SLA
_qFEDL
100 _aSlater Jeffrey
245 0 _aPractical accounting procedures
260 _aNew Jeresy, USA
_bPrentice Hall
_c1979
300 _axxii,534p.
942 _cTEXL
_h657, SLA
999 _c1374729
_d1374729